LEADER 02208nam a2200361 u 4500 001 000000033861 003 CaOOAMICUS 005 20070226112417.0 008 971114s1965 be u000 u fre u 035 $a10776224 040 $aPUL(R)$bita$dEFR 041 1 $afre$alat 100 0 $aAugustinus,$cs., vesc. d'Ippona,$d354-430.$0(OLS)http://pul/name/1290 240 10$aGruppi, scelte$9(Augustinus, s., vesc. d'Ippona, 354-430).$lFrançaise and Latin.$0(OLS)http://pul/title/20455 245 10$aTraités anti-donatistes.$nVolume V,$pBreviculus collationis cum Donatistis ; ad Donatistas post collationem ; sermo ad caesariensis ecclesiae plebem ; gestra cum emerito donatistarum episcopo ; contra gaudentium donatistarum ; episcopum libri duo /$ctraduction de G. Finaert ; introduction et notes par E. Lamirande. 246 30$aBreviculus collationis cum Donatistis 260 $aBruges :$bDesclée de Brouwer,$c1965. 300 $a786 p. ;$c17 cm 490 1 $aBibliothèque augustinienne., Oeuvres de Saint Augustin,$aQuatrième série, Traités anti-donatistes ;$v32 500 $aIndex: p. 771-782. 504 $aBibliographie en note. 700 1 $aLamirande, E.$0(OLS)http://pul/name/26291 700 1 $aFinaert, G.$0(OLS)http://pul/name/26282 830 0$aBibliothèque augustinienne.$pOeuvres de Saint Augustin,$nQuatrième série,$pTraités anti-donatistes ;$v32.$0(OLS)http://pul/title/46619 850 $aPUL 852 $aPUL$W1$xSL Religione 1$y3$m17 L 32$j46453$nBK-PRI$b $qStampati$B46453$CPULBib$Z2$F46453 $H $81 900 $aAgostino,$cs., vesc. d'Ippona,$d354-430$91290 900 $aAgostino, Aurelio,$cs., vesc. d'Ippona$d354-430$91290 941 1 $a8 961 $aINV: 38578 996 $6245$aTraités anti-donatistes.$nVolume V,$pBreviculus collationis cum Donatistis ; ad Donatistas post collationem ; sermo ad caesariensis ecclesiae plebem ; gestra cum emerito donatistarum episcopo ; contra gaudentium donatistarum ; episcopum libri duo$9(OLS)http://pul/title/46637 996 $6246$aBreviculus collationis cum Donatistis$9(OLS)http://pul/title/46638 996 $6260$aBruges :$bDesclée de Brouwer$9(OLS)http://pul/publisher/48305 LEADER 01227nam a2200289 a 4500 001 000000126029 003 CaOOAMICUS 005 20110715123230.0 008 110715s2011 gw u000 u ger r 020 $a978-3-451-02244-9 040 $aPUL$bita 245 00$aReligion und Rationalität /$cHrsg. von Johannes Herzgsell und Janez Percic. 260 $aFreiburg im Breisgau :$bHerder,$c©2011. 300 $a185 p. ;$c22 cm 490 1 $aQuaestiones disputatae ;$v244 504 $aInclude riferimenti bibliografici ed indice. 650 4$aReligione e ragione.$0(OLS)http://pul/subject/36281 700 1 $aHerzgsell, Johannes.$0(OLS)http://pul/name/50340 700 1 $aPercic, Janez.$0(OLS)http://pul/name/80134 830 0$aQuaestiones disputatae ;$v244.$0(OLS)http://pul/title/4920 850 $aPUL 852 $aPUL$W1$xSL Filosofia 2$y80$mTheol A6 244$j145211$qStampati Altre Collocazioni$B144213$CPULBib$Z2$F144213 $H117797 $82 941 1 $a10 996 $6020$a978-3-451-02244-9$9(OLS)http://pul/number/147779 996 $6245$aReligion und Rationalität$9(OLS)http://pul/title/159093 996 $6260$aFreiburg im Breisgau :$bHerder$9(OLS)http://pul/publisher/48772